| 000 | 00638nam a2200217 a 4500 | ||
|---|---|---|---|
| 005 | 20250319063744.0 | ||
| 008 | 991125s1990 bue 000 0 spa u | ||
| 020 | _a9505822198 | ||
| 035 | _aUPN01000045763 | ||
| 049 | _aCG | ||
| 050 | 4 |
_aGV181.2 _bA5.6 |
|
| 100 | 1 |
_aAnder-Egg, Ezequiel, _d1930- _928724 |
|
| 245 | 1 | 3 |
_aLa práctica de la animación sociocultural / _cEzequiel Ander-Egg. |
| 260 |
_aBuenos Aires : _bHvmanitas : _bICSA, _c1990. |
||
| 300 |
_a173 p. : _bil. |
||
| 440 | 0 | _aICSA-Hvmanitas | |
| 650 | 7 |
_aActividades culturales _2 _9139 |
|
| 650 | 4 |
_aCultura popular _912743 |
|
| 650 | 4 |
_aRecreación _94889 |
|
| 905 | _aLibro | ||
| 999 |
_c45763 _d45763 |
||